<?xml version="1.0" encoding="UTF-8"?>
<record
    xmlns:xsi="http://www.w3.org/2001/XMLSchema-instance"
    xsi:schemaLocation="http://www.loc.gov/MARC21/slim http://www.loc.gov/standards/marcxml/schema/MARC21slim.xsd"
    xmlns="http://www.loc.gov/MARC21/slim">

  <leader>01696nam a22002177a 4500</leader>
  <controlfield tag="005">20230609114718.0</controlfield>
  <controlfield tag="008">230605b           ||||| |||| 00| 0 eng d</controlfield>
  <datafield tag="020" ind1=" " ind2=" ">
    <subfield code="a">9027708754</subfield>
  </datafield>
  <datafield tag="040" ind1=" " ind2=" ">
    <subfield code="c">AL</subfield>
  </datafield>
  <datafield tag="041" ind1=" " ind2=" ">
    <subfield code="a">English</subfield>
  </datafield>
  <datafield tag="082" ind1=" " ind2=" ">
    <subfield code="2">23</subfield>
    <subfield code="a">523.112</subfield>
    <subfield code="b">BERS</subfield>
  </datafield>
  <datafield tag="100" ind1=" " ind2=" ">
    <subfield code="a">Elly M Berkhuijsen and others</subfield>
    <subfield code="9">123269</subfield>
  </datafield>
  <datafield tag="245" ind1=" " ind2=" ">
    <subfield code="a">Structure and Properties of Nearby Galaxies</subfield>
  </datafield>
  <datafield tag="260" ind1=" " ind2=" ">
    <subfield code="a">Holland</subfield>
    <subfield code="b">D Reidel Publishing Company</subfield>
    <subfield code="c">1978</subfield>
  </datafield>
  <datafield tag="300" ind1=" " ind2=" ">
    <subfield code="a">xviii,307 p.</subfield>
    <subfield code="b">PB</subfield>
    <subfield code="c">24x16.5 cm.</subfield>
  </datafield>
  <datafield tag="520" ind1=" " ind2=" ">
    <subfield code="a">The IAU Symposium No. 77 on "Structure and PrQperties of Nearby Galaxies" was held in Bad Miinstereifel, F. R. G., from 22 - 26 August 1977. The Symposium was financially supported by the IAU, the Deutsche Forschungsgemeinschaft a~d the Max-Planck-Gesellschaft. the aim of the Symposium was to compare recent high-resolution radio continuum and HI-line results on nearby galaxies with both new and established optical material and with recent theoretical work. Over 100 astronomers actively working in these fields discussed the "state of the art" from their various points of view. The Symposium was sponsored by IAU Commissions 28 and 40. The Scientific Organizing Committee consisted of R.J. Allen (Chairman), K.C. Freeman, I.V. Gossachinski, G. Monnet, J.H. Oort, M.S. Roberts, S.E. Strom, A. Toomre and R. Wielebinski. In order to limit the scope of the Symposium the S.O.C. ruled that nearby galaxies have distances of 0.5 to about 15Mpc; consequently topics mainly concerned structural features occurring on length scales ranging roughly from 0.1 to 50 kpc</subfield>
  </datafield>
  <datafield tag="650" ind1=" " ind2=" ">
    <subfield code="a">Galaxies</subfield>
    <subfield code="9">119549</subfield>
  </datafield>
  <datafield tag="700" ind1=" " ind2=" ">
    <subfield code="a">BERKHUIJSEN (Elly M) Ed</subfield>
    <subfield code="9">119550</subfield>
  </datafield>
  <datafield tag="700" ind1=" " ind2=" ">
    <subfield code="a">WIELEBINSKI (Richard) Ed</subfield>
    <subfield code="9">119551</subfield>
  </datafield>
  <datafield tag="942" ind1=" " ind2=" ">
    <subfield code="2">ddc</subfield>
    <subfield code="c">DB</subfield>
  </datafield>
  <datafield tag="999" ind1=" " ind2=" ">
    <subfield code="c">227403</subfield>
    <subfield code="d">227403</subfield>
  </datafield>
  <datafield tag="952" ind1=" " ind2=" ">
    <subfield code="0">0</subfield>
    <subfield code="1">0</subfield>
    <subfield code="2">ddc</subfield>
    <subfield code="4">0</subfield>
    <subfield code="7">0</subfield>
    <subfield code="8">CHE</subfield>
    <subfield code="a">AL</subfield>
    <subfield code="b">AL</subfield>
    <subfield code="d">2023-06-01</subfield>
    <subfield code="l">0</subfield>
    <subfield code="o">523.112 BERS</subfield>
    <subfield code="p">D04961</subfield>
    <subfield code="r">2023-06-05 00:00:00</subfield>
    <subfield code="w">2023-06-05</subfield>
    <subfield code="y">DB</subfield>
  </datafield>
</record>
